NBA 2K26 Highest Rated Player Per Draft Class - Statistics

General Stats
  • This quiz has been taken 1,357 times
    300 since last reset
  • The average score is 16 of 24
Answer Stats
Draft OVR Player % Correct
2025 87 Cooper Flagg
95%
2023 96 Victor Wembanyama
95%
2003 92 LeBron James
92%
2025 87 Kon Knueppel
86%
2014 98 Nikola Jokić
86%
2009 95 Stephen Curry
83%
2007 93 Kevin Durant
80%
2013 97 Giannis Antetokounmpo
79%
2018 98 S. Gilgeous-Alexander
79%
2020 96 Anthony Edwards
78%
2021 95 Cade Cunningham
76%
2024 85 Stephon Castle
71%
2019 87 Zion Williamson
65%
2012 92 Anthony Davis
61%
2019 87 Ja Morant
60%
2016 95 Jaylen Brown
60%
2011 94 Kawhi Leonard
59%
2010 82 Paul George
54%
2008 80 Russell Westbrook
53%
2015 93 Devin Booker
47%
2017 95 Donovan Mitchell
46%
2022 88 Chet Holmgren
43%
2006 74 Kyle Lowry
27%
2022 88 Jalen Duren
16%
No matching quizzes found
Score Distribution
Percent of People with Each Score
Percentile by Number Answered
Your Score History
You have not taken this quiz since the last reset